[Event "European Rapid 2022"]
[Site "Katowice POL"]
[Date "2022.12.17"]
[Round "2.9"]
[White "Skuhala, Barbara"]
[Black "Santos Latasa, Jaime"]
[Result "0-1"]
[WhiteTitle "WFM"]
[BlackTitle "GM"]
[WhiteElo "2103"]
[BlackElo "2668"]
[WhiteFideId "14605465"]
[BlackFideId "2293307"]
[EventDate "2022.12.17"]

1. e4 c5 2. Nf3 e6 3. g3 Nc6 4. Bg2 Nf6 5. d3 d5 6. exd5 Nxd5 7. O-O Be7 8. d4
O-O 9. c3 cxd4 10. Nxd4 Bd7 11. Nf3 b5 12. Nbd2 Qc7 13. Qe2 a6 14. Nb3 Rfd8 15.
Nbd4 Bf6 16. Nxc6 Bxc6 17. Bg5 Rac8 18. Bxf6 Nxf6 19. Rfd1 h6 20. Rxd8+ Rxd8 21.
Rd1 Rxd1+ 22. Qxd1 Bd5 23. a3 Nd7 24. Ne1 Bxg2 25. Nxg2 Ne5 26. Ne3 Qc6 27. h4
Qe4 28. Kf1 Qh1+ 29. Ke2 Qf3+ 30. Kf1 Qc6 31. Qd8+ Kh7 32. Qd4 Nc4 33. Qd3+ f5
34. Nxc4 bxc4 35. Qe3 Qd5 36. Qd4 Qb5 37. Qd2 Kg6 38. Qe2 Qd5 39. Qe3 a5 40. Ke2
e5 41. Qb6+ Kh5 42. Ke1 g5 43. hxg5 hxg5 44. Qe3 Qb5 45. Qe2+ Kg6 46. g4 Qd5 47.
gxf5+ Kxf5 48. Qh5 Qe4+ 49. Kf1 Qd3+ 50. Kg2 Qe4+ 51. Kf1 Qd3+ 52. Kg2 Qd5+ 53.
Kf1 e4 54. Qh7+ Kg4 55. Qe7 Qf5 56. Qd6 Qf7 57. Qg3+ Kh5 58. Qh3+ Kg6 59. Qe3
Qf3 60. Qc5 e3 61. Qd6+ Kh5 62. Qh2+ Kg4 0-1

[Event "European Rapid 2022"]
[Site "Katowice POL"]
[Date "2022.12.17"]
[Round "2.10"]
[White "Deac, Bogdan-Daniel"]
[Black "Rozman, Monika"]
[Result "1-0"]
[WhiteTitle "GM"]
[BlackTitle "WFM"]
[WhiteElo "2700"]
[BlackElo "2125"]
[WhiteFideId "1226380"]
[BlackFideId "14609118"]
[EventDate "2022.12.17"]

1. c4 c6 2. b3 Nf6 3. Bb2 d5 4. Nf3 Bf5 5. d3 e6 6. Nbd2 Nbd7 7. Nh4 Bg6 8. Nxg6
hxg6 9. g3 e5 10. cxd5 cxd5 11. Bg2 Bd6 12. a3 Qb6 13. O-O Rc8 14. Rc1 O-O 15.
Rc2 Rc6 16. Qb1 Rfc8 17. Rxc6 Rxc6 18. h3 Qa5 19. b4 Qa4 20. Rc1 a5 21. bxa5
Qxa5 22. Rxc6 bxc6 23. Qc1 Qb6 24. Qc2 Nh5 25. Nf1 Nf8 26. e4 Nf6 27. exd5 cxd5
28. Ne3 Qa5 29. a4 N8d7 30. Bc3 Qc5 31. Bd2 Qxc2 32. Nxc2 Nc5 33. Bb4 Bf8 34. a5
Na6 35. Bc3 Bd6 36. g4 d4 37. Bd2 Ne8 38. Bd5 Nec7 39. Bc4 Kf8 40. Kg2 Ke7 41.
f4 exf4 42. Nxd4 f6 43. h4 Be5 44. Nf3 Kd6 45. d4 Bxd4 46. Nxd4 Nc5 47. Bb4 g5
48. h5 1-0

[Event "European Rapid 2022"]
[Site "Katowice POL"]
[Date "2022.12.17"]
[Round "2.11"]
[White "Lewandowski, Rafal"]
[Black "Donchenko, Alexander"]
[Result "0-1"]
[BlackTitle "GM"]
[WhiteElo "2183"]
[BlackElo "2636"]
[WhiteFideId "1111981"]
[BlackFideId "24603295"]
[EventDate "2022.12.17"]

1. e4 c5 2. Nf3 d6 3. d4 cxd4 4. Nxd4 Nf6 5. Nc3 a6 6. Bg5 Nbd7 7. Qd2 h6 8. Bh4
e6 9. f3 Nxe4 10. Nxe4 Qxh4+ 11. g3 Qd8 12. O-O-O d5 13. Nf2 Bc5 14. Nb3 Be7 15.
f4 O-O 16. h4 b5 17. h5 Bb7 18. g4 Rc8 19. Kb1 Nb6 20. Na5 Ba8 21. g5 hxg5 22.
h6 g6 23. Nh3 g4 24. Ng5 Nc4 25. Nxc4 bxc4 26. h7+ Kg7 27. Bg2 Rh8 28. Qe3 Rb8
29. Nxe6+ fxe6 30. Qxe6 Rb6 31. Qxg4 Rxb2+ 32. Kxb2 Qb6+ 33. Kc1 Qe3+ 34. Rd2 c3 0-1

[Event "European Rapid 2022"]
[Site "Katowice POL"]
[Date "2022.12.17"]
[Round "2.12"]
[White "Ziska, Helgi Dam"]
[Black "Trushko, Andrii"]
[Result "1-0"]
[WhiteTitle "GM"]
[WhiteElo "2546"]
[BlackElo "2006"]
[WhiteFideId "7200595"]
[BlackFideId "14172887"]
[EventDate "2022.12.17"]

1. e4 c6 2. d4 d5 3. f3 e6 4. Nc3 f5 5. exf5 exf5 6. Bf4 Bd6 7. Nh3 Bxf4 8. Nxf4
Nf6 9. Qd2 O-O 10. O-O-O Re8 11. Bd3 b5 12. h3 Qb6 13. Qf2 Qc7 14. Nfe2 b4 15.
Na4 Ba6 16. Nc5 Bxd3 17. Nxd3 Qa5 18. Kb1 Nbd7 19. g4 Rac8 20. Ng3 f4 21. Nxf4
Nf8 22. Nf5 Qc7 23. Nd3 a5 24. h4 N6d7 25. Rhe1 Ne6 26. Re3 g6 27. Rde1 gxf5 28.
Rxe6 Rxe6 29. Rxe6 fxg4 30. fxg4 Rf8 31. Qe1 Rf7 32. Re8+ Nf8 33. Nc5 Qf4 34.
Qd1 Qf1 35. Re1 Qg2 36. Nd3 Qh2 37. h5 Qg2 38. g5 Qh3 39. Ne5 Rf2 40. Nxc6 Qg2
41. Rg1 Qe4 42. g6 hxg6 43. hxg6 Kg7 44. Nxa5 Ne6 45. Nc6 Nf4 46. Nxb4 Ng2 47.
Qh5 Qxd4 48. Qh7+ Kf8 49. Nd3 1-0

[Event "European Rapid 2022"]
[Site "Katowice POL"]
[Date "2022.12.17"]
[Round "2.13"]
[White "Hulka, Valentyn"]
[Black "Mastrovasilis, Dimitrios"]
[Result "0-1"]
[WhiteTitle "CM"]
[BlackTitle "GM"]
[WhiteElo "2222"]
[BlackElo "2605"]
[WhiteFideId "34107061"]
[BlackFideId "4202694"]
[EventDate "2022.12.17"]

1. e4 c5 2. Nf3 e6 3. g3 Nc6 4. Bg2 Nf6 5. Qe2 d6 6. c3 Be7 7. O-O O-O 8. d4
cxd4 9. cxd4 Qb6 10. e5 Nd5 11. Nc3 Nxc3 12. bxc3 dxe5 13. dxe5 Bd7 14. Rd1 Rfd8
15. Bf4 Be8 16. Rab1 Rxd1+ 17. Qxd1 Rd8 18. Qc2 Qc7 19. Bf1 h6 20. h4 Nb4 21.
Qb3 Nd5 22. Bd2 Bc6 23. c4 Nb6 24. Bf4 Na4 25. Be2 Qa5 26. Rd1 Nc3 27. Rxd8+
Bxd8 28. Kf1 Nxe2 29. Kxe2 Bb6 30. h5 Bc5 31. Ne1 Bb6 32. Nd3 Be4 33. f3 Bxd3+
34. Kxd3 Qe1 35. Qc2 Qf1+ 36. Qe2 Qb1+ 37. Qc2 Qh1 38. Qe2 Qxh5 39. Qe4 Qh1 40.
Qxb7 Qb1+ 41. Ke2 Qxa2+ 0-1

[Event "European Rapid 2022"]
[Site "Katowice POL"]
[Date "2022.12.17"]
[Round "2.14"]
[White "Sargsyan, Shant"]
[Black "Niccoli, Tony"]
[Result "1-0"]
[WhiteTitle "GM"]
[WhiteElo "2645"]
[BlackElo "2027"]
[WhiteFideId "13306766"]
[BlackFideId "432946"]
[EventDate "2022.12.17"]

1. e4 e5 2. Nf3 Nc6 3. Bb5 a6 4. Ba4 Nf6 5. O-O Nxe4 6. d4 b5 7. Bb3 d5 8. dxe5
Be6 9. c3 Bc5 10. Qe2 O-O 11. Be3 Bxe3 12. Qxe3 f6 13. exf6 Qxf6 14. Nbd2 Nxd2
15. Qxd2 Rad8 16. Rae1 Kh8 17. Nd4 Nxd4 18. cxd4 c6 19. Qc3 Bd7 20. Re5 Rde8 21.
Bc2 Rxe5 22. dxe5 Qf4 23. g3 Qc4 24. f4 Bf5 25. Bxf5 Qxc3 26. bxc3 Rxf5 27. e6
Kg8 28. g4 Rf6 29. f5 g6 30. Kg2 gxf5 31. gxf5 Kf8 32. Kg3 c5 33. Kf4 Rh6 34.
Ke5 d4 35. cxd4 cxd4 36. f6 Ke8 37. f7+ Kf8 38. Kd6 1-0

[Event "European Rapid 2022"]
[Site "Katowice POL"]
[Date "2022.12.17"]
[Round "2.15"]
[White "Dors, Ryszard"]
[Black "Azarov, Sergei"]
[Result "0-1"]
[BlackTitle "GM"]
[WhiteElo "2142"]
[BlackElo "2562"]
[WhiteFideId "1104217"]
[BlackFideId "13501470"]
[EventDate "2022.12.17"]

1. Nf3 Nf6 2. c4 e6 3. g3 d5 4. Bg2 d4 5. O-O c5 6. b4 cxb4 7. a3 a5 8. d3 Nc6
9. Nbd2 Ra6 10. axb4 Bxb4 11. Ba3 O-O 12. Qc2 h6 13. Rfb1 Re8 14. Ne1 Bc3 15.
Bb2 Nb4 16. Qc1 Bxb2 17. Qxb2 e5 18. Nb3 b6 19. Nc2 Nxc2 20. Qxc2 a4 21. Nd2 Bd7
22. Rb4 Qc7 23. Qb2 Bc6 24. Bf1 Nd7 25. Nb1 Nc5 26. Na3 Qd8 27. Nb5 Bxb5 28.
Rxb5 e4 29. dxe4 Rxe4 30. Bg2 Re8 31. Bd5 Qf6 32. Rxc5 bxc5 33. Qb5 Rxe2 0-1

[Event "European Rapid 2022"]
[Site "Katowice POL"]
[Date "2022.12.17"]
[Round "2.16"]
[White "Pultinevicius, Paulius"]
[Black "Krainski, Aleksander"]
[Result "0-1"]
[WhiteTitle "GM"]
[BlackTitle "FM"]
[WhiteElo "2561"]
[BlackElo "2046"]
[WhiteFideId "12809390"]
[BlackFideId "1102400"]
[EventDate "2022.12.17"]

1. d4 d5 2. Bf4 Nf6 3. e3 e6 4. Nd2 Be7 5. Bd3 c5 6. c3 Nbd7 7. Ngf3 b6 8. Ne5
Bb7 9. h4 c4 10. Bc2 b5 11. Qf3 O-O 12. h5 Nxe5 13. dxe5 Nd7 14. Qg4 Kh8 15. Nf3
Nc5 16. Rd1 b4 17. Ng5 Nd3+ 18. Rxd3 cxd3 19. Bxd3 bxc3 20. Nxh7 cxb2 21. Ke2
Qb6 22. Bb1 Qa6+ 23. Kf3 d4+ 24. Kg3 d3 25. Nxf8 Rxf8 26. h6 g6 27. Bg5 Qc6 28.
f3 Qc5 29. Bxe7 Qxe7 30. Bxd3 Rb8 31. Rb1 Bd5 32. Qd4 Qb7 33. Qh4 Kh7 34. Qf4
Qe7 35. Qd4 Rb4 36. Qc3 Qh4# 0-1

[Event "European Rapid 2022"]
[Site "Katowice POL"]
[Date "2022.12.17"]
[Round "2.17"]
[White "Kukula, Pawel"]
[Black "Saric, Ante"]
[Result "0-1"]
[BlackTitle "GM"]
[WhiteElo "2135"]
[BlackElo "2504"]
[WhiteFideId "1115081"]
[BlackFideId "14506254"]
[EventDate "2022.12.17"]

1. d4 Nf6 2. Nf3 d5 3. e3 c5 4. b3 cxd4 5. exd4 Nc6 6. a3 Bf5 7. Bb2 Rc8 8. Bd3
Bxd3 9. Qxd3 g6 10. Nbd2 Bg7 11. O-O O-O 12. Rfe1 e6 13. c4 b6 14. Rac1 dxc4 15.
bxc4 Qd7 16. Ne4 Nxe4 17. Qxe4 Na5 18. Qe2 Qa4 19. c5 Rb8 20. d5 Bxb2 21. Qxb2
bxc5 22. Qe5 exd5 23. Qxd5 Nb3 24. Rc4 Qb5 25. Rh4 Qb7 26. Qg5 f6 27. Qg4 Qf7
28. h3 Rfe8 29. Rxe8+ Rxe8 30. Qa4 Rd8 31. Rc4 Qb7 32. Re4 Nd4 33. Re8+ Rxe8 34.
Qxe8+ Kg7 35. Nd2 Qf7 36. Qc8 Qe7 37. Nc4 Qe1+ 38. Kh2 Qxf2 39. Qb7+ Kh6 40. Qe4
Ne2 41. Qe3+ Qxe3 42. Nxe3 Kg5 0-1

[Event "European Rapid 2022"]
[Site "Katowice POL"]
[Date "2022.12.17"]
[Round "2.18"]
[White "Kosteniuk, Alexandra"]
[Black "Klepek, Witold"]
[Result "1-0"]
[WhiteTitle "GM"]
[WhiteElo "2520"]
[BlackElo "2216"]
[WhiteFideId "4128125"]
[BlackFideId "1175068"]
[EventDate "2022.12.17"]

1. e4 e6 2. d4 d5 3. exd5 exd5 4. Nf3 Nf6 5. Bd3 c5 6. O-O c4 7. Be2 Nc6 8. b3
cxb3 9. axb3 Be7 10. h3 O-O 11. Be3 Bf5 12. c4 Re8 13. Nc3 Bb4 14. Nxd5 Nxd5 15.
cxd5 Qxd5 16. Bc4 Qd7 17. d5 Ne5 18. Nxe5 Rxe5 19. Bxa7 Bxh3 20. Qf3 Rg5 21. Be3
Rxg2+ 22. Qxg2 Rxa1 23. Rxa1 Bxg2 24. Ra8+ Bf8 25. Bc5 h5 26. Rxf8+ Kh7 27. Bd3+
Kh6 28. Be3+ g5 29. Rh8+ Kg7 30. Bd4+ 1-0

[Event "European Rapid 2022"]
[Site "Katowice POL"]
[Date "2022.12.17"]
[Round "2.19"]
[White "Parol, Pawel"]
[Black "Tregubov, Pavel V."]
[Result "0-1"]
[BlackTitle "GM"]
[WhiteElo "2146"]
[BlackElo "2553"]
[WhiteFideId "1119826"]
[BlackFideId "4115341"]
[EventDate "2022.12.17"]

1. d4 d5 2. c4 c6 3. Nf3 Nf6 4. e3 Bg4 5. Qb3 Qb6 6. Ne5 Bf5 7. Nc3 e6 8. Be2
Nbd7 9. Nxd7 Nxd7 10. O-O Be7 11. f3 O-O 12. Qxb6 Nxb6 13. e4 Bg6 14. c5 Nd7 15.
Be3 dxe4 16. fxe4 e5 17. b4 exd4 18. Bxd4 Rfe8 19. Bc4 Bf6 20. Bxf6 Nxf6 21.
Rae1 Re5 22. Rf4 Rd8 23. Bb3 Rd4 24. a3 h5 25. h3 a5 26. bxa5 Rxc5 27. Na4 Rxa5
28. Rf2 Nxe4 29. Rfe2 Raxa4 30. Bxa4 Rxa4 31. Re3 b5 32. Rc1 c5 33. Rd1 h4 34.
Rd8+ Kh7 35. Rb8 b4 36. axb4 cxb4 37. Re1 Ng3 38. Rc1 Ne2+ 0-1

[Event "European Rapid 2022"]
[Site "Katowice POL"]
[Date "2022.12.17"]
[Round "2.20"]
[White "Panek, Bartosz"]
[Black "Bartel, Mateusz"]
[Result "0-1"]
[WhiteTitle "CM"]
[BlackTitle "GM"]
[WhiteElo "2152"]
[BlackElo "2627"]
[WhiteFideId "1198220"]
[BlackFideId "1112635"]
[EventDate "2022.12.17"]

1. e4 e5 2. Nf3 Nc6 3. Bc4 Nf6 4. d3 Be7 5. Nc3 d6 6. h3 Na5 7. Bb3 O-O 8. O-O
Nxb3 9. axb3 Bd7 10. Ne2 a5 11. Ng3 h6 12. Bd2 b6 13. Bc3 c5 14. Nd2 b5 15. Nf3
Kh7 16. Bd2 g6 17. Qe1 b4 18. Nh2 Ng8 19. f4 exf4 20. Bxf4 Be6 21. Nf3 Bf6 22.
e5 dxe5 23. Bxe5 Re8 24. Bxf6 Qxf6 25. Ne4 Qxb2 26. Qf2 Bd5 27. Qxc5 Bxe4 28.
dxe4 Rac8 29. Qd5 Re7 30. Nd4 Rcc7 31. Rab1 Qc3 32. Rf3 Qc5 33. Ra1 Red7 34.
Qxc5 Rxc5 35. Rd1 Re7 36. Ra1 Kg7 37. Re3 Nf6 38. Rae1 Nd7 39. Kf2 Ne5 40. R3e2
Rec7 41. Ra1 h5 42. Ke3 h4 43. Kf4 Kf6 44. Ke3 Rc3+ 45. Kf2 R7c5 46. Kg1 Ke7 47.
Rf1 Rc8 48. Ra1 R3c5 49. Rf2 Rd8 50. Rd1 Rd7 51. Rfd2 Rdc7 52. Ra1 Nd7 53. Nf3
g5 54. Nd4 f6 55. Nf5+ Kf7 56. Nd6+ Ke6 57. Nc4 Ne5 58. Ne3 Ng6 59. Nc4 Nf4 60.
Rxa5 Rxa5 61. Nxa5 Ke5 62. Nc4+ Kxe4 63. Nd6+ Ke3 64. Rf2 Ra7 65. Nc4+ Kd4 66.
Nd6 Ra1+ 67. Kh2 Re1 68. Nf5+ Ke5 69. Ne7 Nh5 70. Nc6+ Kd6 71. Nd4 Kd5 72. Rd2
Ra1 73. Nf3+ Kc5 74. g4 Nf4 75. Nd4 Re1 76. Nf5 Re2+ 77. Rxe2 Nxe2 78. Ne7 Kd6
79. Nf5+ Ke5 80. Kg2 Nd4 81. Ne3 Ke4 82. Kf2 Ne6 83. Ng2 Nf4 84. Nxf4 gxf4 85.
Ke2 f3+ 86. Kf2 Kf4 0-1

[Event "European Rapid 2022"]
[Site "Katowice POL"]
[Date "2022.12.17"]
[Round "2.21"]
[White "Yuffa, Daniil"]
[Black "Martinkus, Rolandas"]
[Result "1-0"]
[WhiteTitle "GM"]
[BlackTitle "FM"]
[WhiteElo "2587"]
[BlackElo "1985"]
[WhiteFideId "24131423"]
[BlackFideId "12800481"]
[EventDate "2022.12.17"]

1. e4 e5 2. Nf3 Nc6 3. Bb5 a6 4. Ba4 Nf6 5. d3 d6 6. c3 Be7 7. O-O O-O 8. Re1 h6
9. Nbd2 Nh7 10. d4 b5 11. Bb3 Bf6 12. Bd5 Bd7 13. dxe5 dxe5 14. Nb3 Qe7 15. Be3
Rfd8 16. Nc5 Ng5 17. Nxd7 Qxd7 18. Nxg5 Bxg5 19. Bxg5 hxg5 20. Qh5 g4 21. h3
Rab8 22. hxg4 Na5 23. Re3 1-0

[Event "European Rapid 2022"]
[Site "Katowice POL"]
[Date "2022.12.17"]
[Round "2.22"]
[White "Nazarova, Anastasia"]
[Black "Vogel, Roven"]
[Result "0-1"]
[WhiteTitle "WFM"]
[BlackTitle "IM"]
[WhiteElo "2196"]
[BlackElo "2463"]
[WhiteFideId "34101737"]
[BlackFideId "12908088"]
[EventDate "2022.12.17"]

1. e4 c5 2. Nf3 d6 3. d4 cxd4 4. Nxd4 Nf6 5. Nc3 Nc6 6. Bg5 e6 7. Qd2 a6 8.
O-O-O Bd7 9. f3 Nxd4 10. Qxd4 Be7 11. h4 Qc7 12. g4 h5 13. gxh5 Nxh5 14. Bxe7
Kxe7 15. e5 dxe5 16. Qb4+ Ke8 17. Ne4 Bc6 18. Nd6+ Kf8 19. Nf5+ Kg8 20. Ne7+ Kh7
21. Bd3+ f5 22. Nxf5 exf5 23. Bxf5+ g6 24. Rd7+ Bxd7 25. Qe7+ Kg8 26. Bxg6 Rf8
27. Rg1 Ng7 28. Be4 Rf7 29. Bd5 Be6 30. Rxg7+ Kxg7 31. Qxe6 Rf6 32. Qg4+ Rg6 33.
Qf5 Rxh4 34. b3 Rf4 35. Qd3 Qc5 36. Be4 Rg1+ 37. Kb2 Qd4+ 38. Qxd4 exd4 39. Bxb7
a5 40. a3 Kf6 41. Ba6 Rxf3 42. b4 axb4 43. axb4 Ke5 44. Bc4 Rc3 45. Ba6 Rg2 0-1

[Event "European Rapid 2022"]
[Site "Katowice POL"]
[Date "2022.12.17"]
[Round "2.23"]
[White "Moroni, Luca Jr"]
[Black "Hnatyshyn, Anastasiia"]
[Result "1-0"]
[WhiteTitle "GM"]
[WhiteElo "2576"]
[BlackElo "2090"]
[WhiteFideId "865834"]
[BlackFideId "14198339"]
[EventDate "2022.12.17"]

1. d4 Nf6 2. Bf4 d5 3. e3 c5 4. dxc5 Nc6 5. Bb5 e6 6. b4 Bd7 7. c3 a5 8. Qb3 Be7
9. Nd2 O-O 10. Ngf3 Nxb4 11. cxb4 Bxb5 12. Nd4 Bd7 13. O-O Re8 14. Rfc1 Bf8 15.
Be5 Ng4 16. Bg3 h5 17. N4f3 g6 18. h3 Nh6 19. Ne5 Nf5 20. Bh2 a4 21. Qd3 Bg7 22.
Rab1 Qe7 23. Bf4 Kh7 24. e4 Nh6 25. b5 Bc8 26. Nef3 e5 27. Bg5 f6 28. Bxh6 Bxh6
29. c6 bxc6 30. bxc6 d4 31. Rb6 Bg7 32. Qb5 Qc7 33. Rc5 Ra7 34. Ne1 Bf8 35. Rc2
d3 36. Nxd3 Rd8 37. Nb4 Bxb4 38. Qxb4 Ba6 39. Qc5 Kh6 40. Rcb2 Bc8 41. a3 Qe7
42. Qe3+ g5 43. h4 Qg7 44. Nf3 Rc7 45. Rd2 Rxd2 46. Qxd2 Bg4 47. hxg5+ fxg5 48.
Qd6+ Kh7 49. Nxg5+ Kh8 50. Rb8+ Rc8 51. Qd8+ Rxd8 52. Rxd8+ Qg8 53. Nf7+ Kg7 54.
Rxg8+ Kxg8 55. Nh6+ 1-0

[Event "European Rapid 2022"]
[Site "Katowice POL"]
[Date "2022.12.17"]
[Round "2.24"]
[White "Maslanka, Wojciech"]
[Black "Piorun, Kacper"]
[Result "0-1"]
[BlackTitle "GM"]
[WhiteElo "2103"]
[BlackElo "2611"]
[WhiteFideId "21846960"]
[BlackFideId "1130420"]
[EventDate "2022.12.17"]

1. e4 g6 2. d4 Bg7 3. c3 d6 4. f4 Nf6 5. Bd3 e5 6. Nf3 Bg4 7. O-O O-O 8. h3 Bxf3
9. Qxf3 exd4 10. e5 dxe5 11. fxe5 Ne8 12. Qxb7 Nd7 13. cxd4 c5 14. Bc4 cxd4 15.
Bg5 Qxg5 16. Qxd7 Bxe5 17. Rxf7 Qc1+ 18. Rf1+ Qxc4 19. Rxf8+ Kxf8 20. Nd2 Nf6
21. Qb7 Qd5 22. Qb4+ Bd6 23. Qa4 Kg7 24. Rf1 Qe5 25. Nf3 Qe3+ 26. Kh1 Ne4 27.
Qd7+ Kh8 28. Re1 Nf2+ 0-1

[Event "European Rapid 2022"]
[Site "Katowice POL"]
[Date "2022.12.17"]
[Round "2.25"]
[White "Sahidi, Samir"]
[Black "Krzywda, Andrzej"]
[Result "1-0"]
[WhiteTitle "IM"]
[BlackTitle "CM"]
[WhiteElo "2494"]
[BlackElo "2262"]
[WhiteFideId "14936372"]
[BlackFideId "1114565"]
[EventDate "2022.12.17"]

1. e4 c5 2. Nf3 d6 3. d4 cxd4 4. Nxd4 Nf6 5. Nc3 g6 6. Be2 Bg7 7. Be3 O-O 8. Qd2
Nc6 9. O-O Bd7 10. h3 a6 11. Rad1 b5 12. a3 Rb8 13. f4 Qc7 14. Nb3 Be6 15. Bf3
Bc4 16. Rfe1 Bxb3 17. cxb3 Rfd8 18. Nd5 Nxd5 19. exd5 Na7 20. Rc1 Qb7 21. Qf2
Ra8 22. Kh2 a5 23. Bb6 Rdb8 24. Bxa5 Nc8 25. Bc7 Nb6 26. Bxb8 Rxb8 27. Rc6 Nd7
28. Rxe7 Bf6 29. Re2 Kg7 30. b4 Rc8 31. Rec2 Rd8 32. Rc7 Qb8 33. Qa7 Qxa7 34.
Rxa7 Nb6 35. b3 Nc8 36. Ra8 Nb6 37. Rxd8 Bxd8 38. Rc6 1-0

[Event "European Rapid 2022"]
[Site "Katowice POL"]
[Date "2022.12.17"]
[Round "2.26"]
[White "Mayrhuber, Tobias"]
[Black "Laurusas, Tomas"]
[Result "0-1"]
[BlackTitle "GM"]
[WhiteElo "2006"]
[BlackElo "2567"]
[WhiteFideId "1639692"]
[BlackFideId "12803731"]
[EventDate "2022.12.17"]

1. e4 c5 2. c3 d5 3. exd5 Qxd5 4. d4 Nf6 5. Nf3 Bg4 6. dxc5 Qxc5 7. Be3 Qc7 8.
Na3 a6 9. Nc4 Nbd7 10. Bd4 e6 11. Nce5 Bxf3 12. Nxf3 Bd6 13. g3 O-O 14. Bg2 e5
15. Be3 Ng4 16. Bd2 Bc5 17. O-O Qb6 18. Qe2 Qxb2 19. Rab1 Qxa2 20. Rxb7 Rad8 21.
h3 Ngf6 22. Re1 h6 23. Be3 Qa3 24. Qc4 Rc8 25. Qb3 Qxb3 26. Rxb3 Bxe3 27. Rxe3
Nd5 28. Re1 Rxc3 29. Rxc3 Nxc3 30. Nxe5 Re8 31. Re3 Rxe5 32. Rxc3 g6 33. Rc7 Nb6
34. Ra7 a5 35. f4 Rc5 36. Ra6 Nc4 37. Be4 h5 38. Kf2 Nd2 39. Bd3 Nb3 40. g4 Rc3
41. Bf1 h4 42. f5 gxf5 43. gxf5 Rc5 44. Bd3 Rc3 45. Bf1 Kg7 46. Bg2 Rc2+ 47. Kg1
Rc5 48. Be4 Nd2 49. Bd3 Nf3+ 50. Kf2 Ng5 51. Kg2 Rd5 52. f6+ Kh6 53. Bc4 Rc5 54.
Bd3 Ne6 55. Kf3 Rc3 56. Ke4 Rxd3 0-1

[Event "European Rapid 2022"]
[Site "Katowice POL"]
[Date "2022.12.17"]
[Round "2.27"]
[White "Mikhalchishin, Adrian"]
[Black "Agafonov, Yuri Dr"]
[Result "1/2-1/2"]
[WhiteTitle "GM"]
[WhiteElo "2455"]
[BlackElo "2077"]
[WhiteFideId "14602385"]
[BlackFideId "11602104"]
[EventDate "2022.12.17"]

1. d4 Nf6 2. Nf3 g6 3. c4 Bg7 4. g3 O-O 5. Bg2 d6 6. Nc3 Bf5 7. Nh4 Bc8 8. O-O
e5 9. dxe5 dxe5 10. Be3 c6 11. Bc5 Re8 12. Qc2 Na6 13. Rfd1 Qa5 14. Bd6 Be6 15.
b3 e4 16. Bf1 Rad8 17. Rac1 Qh5 18. Ng2 Bg4 19. Ne3 Bh3 20. Bxh3 Qxh3 21. Bf4
Rxd1+ 22. Rxd1 Nc5 23. Bg5 Ng4 24. Nxg4 Qxg4 25. Be3 b6 26. b4 Na6 27. a3 h5 28.
Rd6 h4 29. Qd2 hxg3 30. hxg3 Nb8 31. Rd8 Qe6 32. Bf4 Bxc3 33. Rxe8+ Qxe8 34.
Qxc3 Nd7 35. Qd4 Qe6 36. c5 b5 37. Kg2 a6 38. Bh6 f6 1/2-1/2

[Event "European Rapid 2022"]
[Site "Katowice POL"]
[Date "2022.12.17"]
[Round "2.28"]
[White "Paprocki, Jaroslaw"]
[Black "Kosakowski, Jakub"]
[Result "1/2-1/2"]
[BlackTitle "IM"]
[WhiteElo "2158"]
[BlackElo "2475"]
[WhiteFideId "1122274"]
[BlackFideId "1185080"]
[EventDate "2022.12.17"]

1. e4 c6 2. d4 d5 3. Nc3 dxe4 4. Nxe4 Nf6 5. Nxf6+ exf6 6. c3 Bd6 7. Bd3 O-O 8.
Qc2 Re8+ 9. Ne2 h5 10. Be3 Nd7 11. O-O h4 12. h3 Nf8 13. c4 Bc7 14. Rfd1 g6 15.
Qc3 Ne6 16. d5 cxd5 17. cxd5 Ng7 18. Rac1 Be5 19. Qb3 Bd6 20. Bb5 Bd7 21. Nd4 a6
22. Bf1 Qb8 23. Nf3 Nf5 24. Bb6 Kg7 25. Re1 Rxe1 26. Rxe1 Qf8 27. Nd4 Ne7 28.
Rc1 Rc8 29. Rxc8 Qxc8 30. Nc2 Bf5 31. Ne3 Qc1 32. Bd4 Be4 33. f3 Qd2 34. Qc3
Qxc3 35. Bxc3 Bxd5 36. Ng4 Ng8 37. b3 Be6 38. Bd3 Bxg4 39. fxg4 Ne7 40. g5 Be5
41. Bd2 Nc8 42. Be4 Nd6 43. Bd5 b6 44. gxf6+ Kxf6 45. Bb4 Nf5 46. Kf2 a5 47. Bd2
Bg3+ 48. Ke2 g5 49. Kd3 Bf4 50. Be1 Ne7 51. Bc4 Nc6 52. Bc3+ Be5 53. Bd5 Ne7 54.
Bxe5+ Kxe5 55. Bxf7 Nf5 56. Bg6 Nd6 57. Bh5 b5 58. a3 Ne4 59. Be8 Nc5+ 60. Kc3
Ne4+ 61. Kd3 b4 62. axb4 axb4 63. Bc6 Nd6 64. Bf3 Nb5 65. Kc4 Nd4 66. Bd1 Nf5
67. Kxb4 1/2-1/2

[Event "European Rapid 2022"]
[Site "Katowice POL"]
[Date "2022.12.17"]
[Round "2.29"]
[White "Kazakouski, Valery"]
[Black "Kolodziejski, Piotr"]
[Result "1-0"]
[WhiteTitle "GM"]
[WhiteElo "2539"]
[BlackElo "2091"]
[WhiteFideId "13507443"]
[BlackFideId "21840962"]
[EventDate "2022.12.17"]

1. Nf3 Nf6 2. c4 c6 3. g3 d5 4. Bg2 e6 5. b3 Nbd7 6. O-O Bd6 7. Nc3 O-O 8. Qc2
e5 9. cxd5 cxd5 10. Nb5 Bb8 11. Ba3 Re8 12. Nd6 Bxd6 13. Bxd6 Qb6 14. Qc7 Qxc7
15. Bxc7 b6 16. Rfc1 Bb7 17. Bd6 Ne4 18. Ba3 Rac8 19. Bh3 Rxc1+ 20. Rxc1 Nec5
21. Bxd7 Nxd7 22. Rc7 Bc8 23. Rxa7 f6 24. d4 Kf7 25. dxe5 fxe5 26. Bb2 Ke6 27.
Kf1 h6 28. Ke1 Re7 29. Nxe5 Nxe5 30. Rxe7+ Kxe7 31. Bxe5 g6 32. Bd4 b5 33. Kd2
Bh3 34. f3 h5 35. Ke3 Ke6 36. a4 bxa4 37. bxa4 Kf7 38. a5 Bc8 39. Kf4 Ba6 40. e3
Ke6 41. Kg5 Bd3 42. a6 Bxa6 43. Kxg6 Be2 44. Kxh5 Bxf3+ 45. Kg5 Kf7 46. h4 Kg8
47. h5 Kh7 48. Kh4 Be4 49. g4 Bf3 50. g5 Be4 51. g6+ Kh6 52. Be5 Bf3 53. Bf4+
Kg7 54. Kg5 1-0

[Event "European Rapid 2022"]
[Site "Katowice POL"]
[Date "2022.12.17"]
[Round "2.30"]
[White "Gorniewicz, Oskar"]
[Black "De Filomeno, Simone"]
[Result "0-1"]
[BlackTitle "IM"]
[WhiteElo "1883"]
[BlackElo "2450"]
[WhiteFideId "1139584"]
[BlackFideId "828688"]
[EventDate "2022.12.17"]

1. e4 c5 2. c3 Nf6 3. e5 Nd5 4. d4 cxd4 5. Nf3 Nc6 6. cxd4 d6 7. exd6 Qxd6 8.
Be2 g6 9. O-O Bg7 10. Nc3 O-O 11. Qb3 Be6 12. Qxb7 Ndb4 13. Nb5 Qd5 14. Nc7 Qd7
15. Qb5 Qxc7 16. Bd2 Rab8 17. Qc5 Qd6 18. Qg5 Nxd4 19. Nxd4 Qxd4 20. Bc3 Qd5 21.
Qxe7 Bxc3 22. bxc3 Nc6 23. Qh4 Rb2 24. Bf3 Qc5 25. Bxc6 Qxc6 26. Rfc1 Rxa2 27.
Rxa2 Bxa2 28. Qd4 Bd5 29. f3 Qb6 30. Ra1 Ra8 31. Qxb6 axb6 32. Rb1 Rb8 33. Rb4
b5 34. Kf2 Bc4 35. Rb2 Rd8 36. Rc2 h5 37. h4 Rd3 38. Rc1 Rd2+ 39. Kg3 Kg7 40.
Kh3 Kf6 41. g4 hxg4+ 42. Kxg4 Be6+ 43. Kf4 Rh2 44. Re1 Rxh4+ 45. Kg3 Rc4 46. Re3
g5 47. Rd3 Ke5 48. Kf2 f5 49. Ke2 Bd5 50. Ke3 Rf4 51. Ke2 Bc4 0-1